Statistics for Henry VIII Quick Quiz

Click here to take the quiz!

General Stats

  • This quiz has been taken 36 times
  • The average score is 6 of 8

Answer Stats

QuestionAnswer% Correct
Henry divorced Anne of Cleves, because she was...?Ugly
100%
Henry was buried with...?Jane Seymour
90%
Henry had his old friend, Thomas Moore, beheaded and his head stuck...?Over London bridge
76%
When Anne Boleyn gave birth to a daughter, Henry...?Sulked
76%
While Anne Boleyn was being beheaded, Henry was playing...?Indoor tennis
72%
When wife No. 1, Catherine of Aragon, died Henry had a...?Ball
69%
Henry had Cardinal Fisher beheaded, and showed disrespect by leaving his body...?Naked for a day
66%
Anne Boleyn constantly needed to go to the toilet. Her ladies-in-waiting kept her toilet bowl handy...?Under the table
45%

Score Distribution

Percentile by Number Answered

Percent of People with Each Score

Your Score History

You have not taken this quiz